00518 2200181 4500001002100000005001500021008004100036020002200077035001900099041000700118082001100125090001700136100001800153245007200171260004400243300003200287650001700319INLIS00000000002133720241224131032241224||||||||| | ||| |||| || |  a978-602-9025-95-8 0010-1224021337 aid0 a621.39 a621.39 SUG m0 aSugeng Andono00aMendiagnosis Permasalahan dan Melakukan Perbaikan Personal Computer aYogyakartabSkripta Media Creatvec2013 aviii + 88 hlm. 21 x 29,7 cm 0ateknik mesin